000 00870nam a2200241 a 4500
005 20250605063848.0
008 050920s1998 mx r 000 0 spa d
020 _a8476585381
035 _aUPN01000140166
049 _aCG
050 4 _aBL51
_bM3.3
100 1 _aMardones, José María,
_d1943-
_929672
245 1 3 _aEl discurso religioso de la modernidad :
_bHabermas y la religión /
_cJosé M. Mardones.
260 _aBarcelona, Esp. :
_bAnthropos ;
_aMéxico :
_bUniversidad Iberoamericana,
_c1998.
300 _a295 p.
440 0 _aPensamiento Crítico / pensamiento utópico.
_v104.
_pFilosofía de la religión
650 4 _aFILOSOFIA Y RELIGION
_916820
600 1 2 _aHabermas, Jürgen,
_d1929-
_xCrítica e interpretación
_91666
650 4 _aFilosofía moderna
_98266
650 2 _aTeología
_919173
740 0 _aHabermas y la religión
905 _aLibro
999 _c112314
_d112314